=LDR 00000nam 2200000 4500 =001 INLIS000000000036800 =005 20130612142550 =008 ***********************************Ind** =035 ##$$0010-061300000036800 =041 ##$$a Ind =082 ##$$a 771 =090 ##$$a 771, Sof s =245 ##$$a Software terbaik untuk desain dan foto, Tim EMS =260 ##$$a 2011 $b Jakarta =300 ##$$a x, 286 hlm, ilus, 22 cm =650 ##$$a Fotografi-Proses =850 ##$$a NBPNMAT